Short Essays, MCQS and OSCES for MRCOG part 2 : (Record no. 1330)

MARC details
000 -LEADER
fixed length control field 01279cam a22003614a 4500
001 - CONTROL NUMBER
control field 13422626
003 - CONTROL NUMBER IDENTIFIER
control field OSt
005 - DATE AND TIME OF LATEST TRANSACTION
control field 20210202171640.0
008 - FIXED-LENGTH DATA ELEMENTS--GENERAL INFORMATION
fixed length control field 031203s2003 mau 001 0 eng c
010 ## - LIBRARY OF CONGRESS CONTROL NUMBER
LC control number 2003277815
015 ## - NATIONAL BIBLIOGRAPHY NUMBER
National bibliography number GBA2-W3199
020 ## - INTERNATIONAL STANDARD BOOK NUMBER
International Standard Book Number 0340809280
035 ## - SYSTEM CONTROL NUMBER
System control number (OCoLC)ocm52892317
040 ## - CATALOGING SOURCE
Original cataloging agency CLU
Transcribing agency CLU
Modifying agency UKM
-- DLC
042 ## - AUTHENTICATION CODE
Authentication code pcc
050 00 - LIBRARY OF CONGRESS CALL NUMBER
Classification number RG111
Item number .K66 2003
060 04 - NATIONAL LIBRARY OF MEDICINE CALL NUMBER
Classification number WP 18.2
Item number K82s 2003
082 04 - DEWEY DECIMAL CLASSIFICATION NUMBER
Classification number WP 18 K837s 2003
Edition number 21
100 1# - MAIN ENTRY--PERSONAL NAME
Personal name Konje, Justin C.
9 (RLIN) 3528
245 10 - TITLE STATEMENT
Title Short Essays, MCQS and OSCES for MRCOG part 2 :
Remainder of title a comprehensive guide
260 ## - PUBLICATION, DISTRIBUTION, ETC. (IMPRINT)
Place of publication, distribution, etc. Oxford University Press,
Date of publication, distribution, etc. c2003.
300 ## - PHYSICAL DESCRIPTION
Extent viii, 472 p. ;
Dimensions 25 cm.
500 ## - GENERAL NOTE
General note .
504 ## - BIBLIOGRAPHY, ETC. NOTE
Bibliography, etc Includes index
650 #0 - SUBJECT ADDED ENTRY--TOPICAL TERM
Topical term or geographic name as entry element Obstetrics MCQs
9 (RLIN) 3529
650 #0 - SUBJECT ADDED ENTRY--TOPICAL TERM
Topical term or geographic name as entry element Medicine
9 (RLIN) 3530
856 42 - ELECTRONIC LOCATION AND ACCESS
Materials specified Publisher description
Uniform Resource Identifier http://www.loc.gov/catdir/enhancements/fy0615/2003277815-d.html
856 41 - ELECTRONIC LOCATION AND ACCESS
Materials specified Table of contents only
Uniform Resource Identifier http://www.loc.gov/catdir/enhancements/fy0615/2003277815-t.html
856 42 - ELECTRONIC LOCATION AND ACCESS
Materials specified Contributor biographical information
Uniform Resource Identifier http://www.loc.gov/catdir/enhancements/fy1302/2003277815-b.html
906 ## - LOCAL DATA ELEMENT F, LDF (RLIN)
a 7
b cbc
c pccadap
d 2
e ncip
f 20
g y-gencatlg
942 ## - ADDED ENTRY ELEMENTS (KOHA)
Source of classification or shelving scheme Other/Generic Classification Scheme
Koha item type Short Loan
Holdings
Withdrawn status Lost status Source of classification or shelving scheme Damaged status Not for loan Home library Current library Date acquired Source of acquisition Inventory number Total Checkouts Full call number Barcode Date last seen Koha item type
    Other/Generic Classification Scheme     MUST Main Library MUST Main Library 01/04/2015 Purchase 06/27479   WP18 K837s 2003 2015-0774 01/04/2015 Short Loan